Paru (Record no. 1609)

MARC details
000 -LEADER
campo de control de longitud fija 00951nas a2200289 i 4500
001 - NÚMERO DE CONTROL
campo de control 1609
003 - IDENTIFICADOR DE NÚMERO DE CONTROL
campo de control ES-MaACL
005 - FECHA Y HORA DE LA ÚLTIMA TRANSACCIÓN
campo de control 20250217134303.0
007 - CAMPO FIJO DE DESCRIPCIÓN FÍSICA--INFORMACIÓN GENERAL
campo de control de longitud fija t|
008 - DATOS DE LONGITUD FIJA--INFORMACIÓN GENERAL
campo de control de longitud fija 950801d19441950mc | | 1 ||re d
080 ## - NÚMERO DE LA CLASIFICACIÓN DECIMAL UNIVERSAL
Número de la Clasificación Decimal Universal 449.49
245 00 - MENCIÓN DEL TÍTULO
Título Paru
Resto del título : l'actualité litteraire intellectuelle et artistique /
Mención de responsabilidad, etc. [dir. Odile Pathé].
260 ## - PUBLICACIÓN, DISTRIBUCIÓN, ETC.
Lugar de publicación, distribución, etc. Monaco :
Nombre del editor, distribuidor, etc. Editions Odile Pathé,
Fecha de publicación, distribución, etc. 1944-1950 (
Lugar de fabricación/manufactura Corbeil :
Fabricante Crété)
300 ## - DESCRIPCIÓN FÍSICA
Extensión 11 v. :
Otras características físicas grab ;
Dimensiones 23 cm.
310 ## - PERIODICIDAD ACTUAL
Periodicidad actual Mensual
362 0# - FECHAS DE PUBLICACIÓN Y/O DESIGNACIÓN SECUENCIAL
Fecha de publicación y/o designación secuencial N. 1 (1944, janv.)-N. 63 (1950, août/sept.)
500 ## - NOTA GENERAL
Nota general No se publicó de abr. a jun. de 1949.
500 ## - NOTA GENERAL
Nota general No se publicó de sep. a dic. de 1950.
650 #4 - PUNTO DE ACCESO ADICIONAL DE MATERIA--TÉRMINO DE MATERIA
Término de materia o nombre geográfico como elemento de entrada Bibliografía.
9 (RLIN) 10516
700 1# - ENTRADA AGREGADA--NOMBRE PERSONAL
Nombre de persona Pathé, Odile,
Término indicativo de función/relación
9 (RLIN) 194254
700 1# - ENTRADA AGREGADA--NOMBRE PERSONAL
Nombre de persona Collinet, Michel,
Término indicativo de función/relación
9 (RLIN) 39720
785 07 - ENTRADA/ENLACE A UN TÍTULO POSTERIOR
Encabezamiento principal Monde Nouveau
785 07 - ENTRADA/ENLACE A UN TÍTULO POSTERIOR
Encabezamiento principal Monde nouveau. Paru
Lugar, editor y fecha de publicación 1951-1957
852 ## - LOCALIZACIÓN
Ubicación ES-MaACL
Número de control de estantería Hem-427
866 #0 - MENCIÓN TEXTUAL DE FONDOS--UNIDAD BIBLIOGRÁFICA BÁSICA
Fondos (1948),.1951-52(1953).
Holdings
Estatus retirado Estado de pérdida Estado de daño No para préstamo Colección Biblioteca de origen Biblioteca actual Ubicación en estantería Fecha de adquisición Fuente de adquisición Total de préstamos Signatura topográfica completa Código de barras Visto por última vez Precio de reemplazo Tipo de ítem Koha
        Periódicos y Revistas Biblioteca del Ateneo de Madrid Biblioteca del Ateneo de Madrid Depósito 1 17/01/2008     Hem-427 1001644 23/02/2023 23/02/2023 Revista